J1リーグ歴代最優秀監督賞 - サドンデス - Statistics

General Stats
  • This quiz has been taken 21 times
  • The average score is 3 of 10
Answers on the Grid
Answers color-coded by a green-red scale on the quiz's grid according to % correct below.
反町康治
城福浩
宮本恒靖
小林伸二
尹晶煥
岡田武史
手倉森誠
木山隆之
森保一
片野坂知宏
石井正忠
石﨑信弘
秋葉忠宏
西野朗
鈴木政一
長谷川健太
長谷部茂利
風間八宏
高木琢也
黒田剛
 
Answer Stats
Answer % Correct
森保一
80%
西野朗
73%
長谷川健太
60%
岡田武史
40%
鈴木政一
20%
宮本恒靖
13%
石井正忠
13%
尹晶煥
7%
長谷部茂利
7%
片野坂知宏
0%
No matching quizzes found
Score Distribution
Percent of People with Each Score
Percentile by Number Answered
Your Score History
You have not taken this quiz